000 00580nam a2200205 a 4500
003 00
005 20151110154447.0
008 030206s19uu xx 00 eng d
020 _a0-590-66712-2
050 _aBB
_bIa11 1997
100 _aMarzollo, Jean
245 _aI'm a caterpillar /
_cby Jean Marzollo ; illustrated by Judith Moffat.
260 _aNew York :
_bScholastic Inc,
_c1997.
300 _a1 v. (unp.) ; ill.l
440 _aHello Science Reader!-Level 1
650 _aCaterpillar--Fiction
650 _aChildren stories
942 _2lcc
_cBK
999 _c104929
_d104929